| 000 | 00627nam a2200277Ia 4500 | ||
|---|---|---|---|
| 008 | 171025s9999 xx 000 0 und d | ||
| 020 | _a1405304049 | ||
| 050 | _a297 | ||
| 050 | _bL962 2003 | ||
| 100 | _aLunde, Paul | ||
| 245 | _aIslam : | ||
| 245 | _ba brief history / | ||
| 245 | _cby Paul Lunde. | ||
| 260 | _aGreat Britain, | ||
| 260 | _bDK, | ||
| 260 | _c2003 | ||
| 300 | _a192 pages : | ||
| 300 | _bcolored illustrations ; | ||
| 300 | _c25cm. | ||
| 500 | _aIncludes index. | ||
| 650 | _aIslam -- | ||
| 650 | _aIslam. | ||
| 650 | _aReligious education. | ||
| 650 | _xHistory. | ||
| 700 | _aTitle. | ||
| 999 |
_c344674 _d344674 |
||